| 000 -LEADER |
| fixed length control field |
02348nam a2200265Ia 4500 |
| 001 - CONTROL NUMBER |
| control field |
18553 |
| 003 - CONTROL NUMBER IDENTIFIER |
| control field |
GE_BSU |
| 008 - FIXED-LENGTH DATA ELEMENTS--GENERAL INFORMATION |
| fixed length control field |
181216s||||||||xx |||||||||||||| ||und|| |
| 020 ## - INTERNATIONAL STANDARD BOOK NUMBER |
| International Standard Book Number |
ISBN: 9789941252198 |
| 040 ## - CATALOGING SOURCE |
| Transcribing agency |
GE_BSU |
| 080 ## - UNIVERSAL DECIMAL CLASSIFICATION NUMBER |
| Universal Decimal Classification number |
34 |
| 100 ## - MAIN ENTRY--PERSONAL NAME |
| Personal name |
ცქიტიშვილი, თემურ. |
| 245 ## - TITLE STATEMENT |
| Title |
ადამიანის სიცოცხლისა და ჯანმრთელობისთვის საფრთხის შემქმნელი დელიქტები |
| 245 ## - TITLE STATEMENT |
| Statement of responsibility, etc. |
რედ:ლეკვეიშვილი, მზია, ტურავა, მერაბ. |
| 260 ## - PUBLICATION, DISTRIBUTION, ETC. |
| Place of publication, distribution, etc. |
თბილისი |
| 260 ## - PUBLICATION, DISTRIBUTION, ETC. |
| Name of publisher, distributor, etc. |
მერიდიანი |
| 260 ## - PUBLICATION, DISTRIBUTION, ETC. |
| Date of publication, distribution, etc. |
2015 |
| 300 ## - PHYSICAL DESCRIPTION |
| Extent |
495გვ;23სმ. |
| 300 ## - PHYSICAL DESCRIPTION |
| Other physical details |
ბიბლიოგრაფია, ქართულენოვანი წყაროები: გვ.: 465-479, რუსულენოვანი წყაროები: გვ.: 479-481, გერმანულენოვანი წყაროები: გვ.: 481-492, ნორმატიული მასალა: გვ.: 493-495. |
| 520 ## - SUMMARY, ETC. |
| Summary, etc. |
ეძღვნება პროფესორ-ემერიტუს მზია ლეკვეიშვილის ხსოვნას. |
| 653 ## - INDEX TERM--UNCONTROLLED |
| Uncontrolled term |
1.დელიქტების კლასიფიკაცია -- II თავი. აბსტრაქტული საფრთხის შემქმნელი დელიქტები -- III თავი. კონკრეტული საფრთხის დელიქტები -- IV თავი. განზრახვა და გაუფრთხილებლობა საფრთხის დელიქტებში -- V თავი. სამართლებრივი სიკეთის დაცვა, როგორც საფრთხის შემქმნელი დელიქტების დასჯადობის ლეგიტიმაციის საფუძველი |
| 653 ## - INDEX TERM--UNCONTROLLED |
| Uncontrolled term |
ადამიანის სიცოცხლისა და ჯანმრთელობისთვის საფრთხის შემქმნელი დელიქტები |
| 653 ## - INDEX TERM--UNCONTROLLED |
| Uncontrolled term |
სამართალი |
| 942 ## - ADDED ENTRY ELEMENTS (KOHA) |
| Koha item type |
წიგნი |